Car Models by Picture #12 - Statistics

General Stats
  • This quiz has been taken 119 times
  • The average score is 7 of 12
Answer Stats
Picture Hint Answer % Correct
McLaren F1
80%
Mitsubishi Lancer Evolution
80%
Rolls-Royce Phantom
77%
Audi Quattro
77%
Porsche Cayman
71%
Toyota Hilux
61%
Land Rover Range Rover
61%
Mercedes-Benz SLK
61%
Citroën Ami
56%
Volkswagen Caddy
36%
Lotus Evora
36%
Jaguar XJS
28%
No matching quizzes found
Score Distribution
Percent of People with Each Score
Percentile by Number Answered
Your Score History
You have not taken this quiz